000 00800nam a2200181Ia 4500
008 100921s9999 xx 000 0 und d
082 _b21347
_a808.068 थ 85
100 _aमहाजन जगन्नाथ.
245 _aराजपूत्र राजु आणि दरोडेखोर.
260 _bश्रीराम बुक एजन्सी, पुणे.
_c1985
300 _a32
_bभारत न्यूज एजन्सी,वाई
365 _b2
520 _aललित-बालवाङ्रमय.
630 _aराजपूत्र राजु आणि दरोडेखोर.
650 _aललित-बालवाङ्रमय.
730 _aराजपूत्र राजु आणि दरोडेखोर.
942 _cBOOK
999 _c770460
_d770457